Rakúsky model flexiistoty: inšpirácia pre ostatné krajiny Európskej únie?

Pohľad na rakúsky trh práce a politiku zamestnanosti.

Gespeichert in:
Bibliographische Detailangaben
1. Verfasser: Weishaupt, Timo, J.
Weitere Verfasser: Přívara, Andrej, 1983-
Format: Buchkapitel
Sprache:Englisch
Schlagworte:
Tags: Tag hinzufügen
Keine Tags, Fügen Sie das erste Tag hinzu!

MARC

LEADER 00000naa a2200000 4500
001 0167160
005 20240502072919.9
041 0 |a eng 
044 |a SK 
245 1 0 |a Rakúsky model flexiistoty: inšpirácia pre ostatné krajiny Európskej únie?  |c Timo, J. Weishaupt, Andrej Přívara 
520 |a Pohľad na rakúsky trh práce a politiku zamestnanosti. 
610 2 0 |a Rakúsko 
610 2 0 |a politika sociálna 
610 2 0 |a trh práce 
610 2 0 |a miera nezamestnanosti 
100 1 |a Weishaupt, Timo, J. 
700 1 |a Přívara, Andrej, 1983-